[Event "DVM u16 2005"]
[Site "Berlin"]
[Date "2005.12.27"]
[Round "2.2"]
[White "Schäfer, Erik"]
[Black "Weber, Max"]
[Result "1/2-1/2"]
[WhiteElo "1770"]
[BlackElo "1885"]
[PlyCount "60"]
[EventDate "2000.??.??"]

1. e4 c5 2. Nf3 Nc6 3. d4 cxd4 4. Nxd4 Qb6 5. Nb3 Nf6 6. Bd3 e6 7. Be3 Qc7 8.
f4 Bb4+ 9. c3 Be7 10. O-O e5 11. f5 d5 12. N1d2 b6 13. Qf3 dxe4 14. Nxe4 Bb7
15. Nxf6+ Bxf6 16. Be4 Rd8 17. Rad1 O-O 18. g4 Rxd1 19. Rxd1 Rd8 20. Rxd8+ Nxd8
21. g5 Bxe4 22. Qxe4 Be7 23. Nd2 f6 24. gxf6 Bxf6 25. Qg4 Kh8 26. Ne4 Nf7 27.
h4 Qd8 28. Ng5 Nxg5 29. hxg5 Be7 30. g6 Qd3 {(=)} 1/2-1/2

[Event "DVM u16 2005"]
[Site "Berlin"]
[Date "2005.12.27"]
[Round "2.3"]
[White "Seifert, Christopher"]
[Black "Marsel, Patrick"]
[Result "1-0"]
[WhiteElo "1809"]
[BlackElo "1563"]
[PlyCount "79"]
[EventDate "2000.??.??"]

1. e4 c5 2. Nf3 e6 3. d4 cxd4 4. Nxd4 a6 5. Nc3 Qc7 6. Be3 Nf6 7. f3 Ba3 8. Na4
Bxb2 9. Nxb2 Qc3+ 10. Kf2 Qxb2 11. Nb3 Nc6 12. Bc5 Ng8 13. Be2 Nge7 14. Qd3 Qf6
15. Rhd1 O-O 16. Bd6 Re8 17. Rab1 Ne5 18. Qd2 N7c6 19. a4 b6 20. Nd4 Na5 21.
Qc3 Nec6 22. Rxb6 Nxd4 23. Qxd4 Qxd4+ 24. Rxd4 Nc6 25. Rd1 f6 26. f4 Kf7 27. e5
f5 28. Bf3 Ra7 29. Bxc6 dxc6 30. Rxc6 Bd7 31. Rc4 Rb7 32. Rd3 Rc8 33. Rdc3 Rxc4
34. Rxc4 Kg6 35. Ke3 Rb2 36. a5 Bb5 37. Rc7 Ra2 38. Bf8 Rxa5 39. Rxg7+ Kh5 40.
Rg5+ 1-0

[Event "DVM u16 2005"]
[Site "Berlin"]
[Date "2005.12.27"]
[Round "2.4"]
[White "Förschner, Lucas"]
[Black "Hummel, Florian"]
[Result "0-1"]
[WhiteElo "1583"]
[BlackElo "1489"]
[PlyCount "120"]
[EventDate "2000.??.??"]

1. e4 c5 2. Nf3 d6 3. d4 cxd4 4. Nxd4 Nc6 5. Be3 Nf6 6. Nc3 g6 7. Be2 Bg7 8.
O-O O-O 9. h3 Bd7 10. Rb1 a6 11. Qd2 Nxd4 12. Bxd4 Bc6 13. f3 Qc7 14. Rfd1 Rad8
15. Qe3 Nd7 16. Bxg7 Kxg7 17. Kh1 Nf6 18. Bd3 e6 19. Ne2 d5 20. e5 Nd7 21. f4
h6 22. Nd4 Rde8 23. Rf1 f6 24. Qg3 f5 25. Qh4 Nc5 26. Rf3 Nxd3 27. cxd3 Kh7 28.
Rg3 Qb6 29. Nxc6 Qxc6 30. Rf3 Qd7 31. g4 Qd8 {(=)} 32. Qg3 Rg8 33. Rg1 Qb6 34.
Qh2 Qd4 35. h4 Rc8 36. Qf2 Qxf2 37. Rxf2 Rc6 38. gxf5 gxf5 39. Rxg8 Kxg8 40.
Rg2+ Kf7 41. h5 Rc1+ 42. Rg1 Rxg1+ 43. Kxg1 Ke7 44. Kf2 Kd7 45. Ke3 Kc6 46. Kd4
a5 47. a4 b5 {(=)} 48. axb5+ Kxb5 49. Kc3 Kc5 50. d4+ Kb6 51. b3 Kb5 52. Kc2 a4
53. Kb2 Kb4 54. bxa4 Kxa4 55. Kc2 Kb4 56. Kd3 Kb3 57. Kd2 Kc4 58. Ke3 Kc3 59.
Ke2 Kxd4 60. Kf3 Kd3 0-1

[Event "DVM u16 2005"]
[Site "Berlin"]
[Date "2005.12.27"]
[Round "2.1"]
[White "Zeldin, Leonid"]
[Black "Rosner, Jonas"]
[Result "1-0"]
[WhiteElo "1849"]
[BlackElo "1853"]
[PlyCount "93"]
[EventDate "2000.??.??"]

1. e4 c5 2. Nc3 e6 3. g3 Nc6 4. Bg2 Nge7 5. f4 d5 6. d3 b6 7. Nf3 Bb7 8. O-O g6
9. e5 Bg7 10. Nb5 O-O 11. g4 Ba6 12. a4 Qd7 13. c3 f5 14. g5 Bb7 15. d4 c4 16.
h4 a6 17. Nd6 Nc8 18. Nxc8 Rfxc8 19. h5 Kf7 20. Nh4 Na5 21. Kf2 Nc6 22. Rh1 Ne7
23. Bd2 Rh8 24. b3 Bc6 25. Bc1 Rag8 26. Ba3 Bf8 27. Bxe7 Bxe7 28. bxc4 dxc4 29.
Qe2 Bd5 30. Bxd5 Qxd5 31. Qf3 Qd7 32. Ng2 Rc8 33. Ne3 Rhg8 34. d5 exd5 35. Nxd5
Qc6 36. hxg6+ hxg6 37. Rh7+ Rg7 38. Rxg7+ Kxg7 39. Nxe7 Qc5+ 40. Qe3 Qxe7 41.
Qxb6 Rd8 42. Qf6+ Qxf6 43. gxf6+ Kf7 44. Rb1 Rd2+ 45. Ke1 Rd3 46. Rb7+ Kg8 47.
Ke2 1-0

[Event "DVM u16 2005"]
[Site "Berlin"]
[Date "2005.12.27"]
[Round "2.2"]
[White "Weber, Raphael"]
[Black "Heyden, Jonas"]
[Result "1/2-1/2"]
[WhiteElo "1635"]
[BlackElo "1920"]
[PlyCount "130"]
[EventDate "2000.??.??"]

1. e4 e5 2. Nf3 Nc6 3. Bc4 Nf6 4. d3 h6 5. O-O g6 6. c3 d6 7. h3 Bg7 8. Be3 O-O
9. Nbd2 Qe7 10. Re1 Kh7 11. Nf1 Nh5 12. Qd2 Nd8 13. d4 Be6 14. Bd3 Bd7 15. Rad1
Ne6 16. Bc2 Rad8 17. Ng3 Nxg3 18. fxg3 a5 19. Rf1 Bb5 20. Bd3 Bxd3 21. Qxd3
exd4 22. cxd4 c5 23. Rfe1 Nxd4 24. Nxd4 cxd4 25. Bxd4 Bxd4+ 26. Qxd4 Qe5 27.
Re3 Rfe8 28. Qxe5 Rxe5 29. Red3 Rxe4 30. Rxd6 Rxd6 31. Rxd6 b5 32. Rd5 Rb4 33.
b3 a4 34. bxa4 bxa4 35. Ra5 Kg7 36. g4 Rc4 37. Ra6 Rf4 38. Kh2 Rd4 39. Kg1 Kf8
40. Ra7 Rc4 41. Kh2 Kg7 42. Ra6 g5 43. Kg1 f6 44. Kh2 Kg6 45. Kg1 Rf4 46. Kh2
h5 47. gxh5+ Kxh5 48. Ra5 Kg6 49. Kg3 Rc4 50. Kh2 g4 51. hxg4 Rxg4 52. Kh3 Rc4
53. Kh2 f5 54. Ra6+ Kg5 55. Ra5 Kf4 56. Ra6 Ke4 57. Ra5 f4 58. a3 Kd3 59. Rb5
Ke4 60. Rb7 Kd3 61. Rd7+ Kc2 62. Rb7 Kc3 63. Rb8 Kd4 64. Rd8+ Ke3 65. Ra8 Kd4
1/2-1/2

[Event "DVM u16 2005"]
[Site "Berlin"]
[Date "2005.12.27"]
[Round "2.3"]
[White "Luft, Dennis"]
[Black "Volz, Daniel"]
[Result "1-0"]
[WhiteElo "1837"]
[BlackElo "1428"]
[PlyCount "107"]
[EventDate "2000.??.??"]

1. e4 e5 2. Nf3 Nc6 3. Bc4 Be7 4. d4 d6 5. h3 Nf6 6. Nc3 O-O 7. O-O Bd7 8. Bg5
h6 9. Bh4 Nh7 10. Bxe7 Qxe7 11. Nd5 Qd8 12. dxe5 dxe5 13. Qd2 Be6 14. Rad1 Bxd5
15. Bxd5 Qe7 16. Bxc6 bxc6 17. Qd7 Qxd7 18. Rxd7 f6 19. Rxc7 Rfc8 20. Rxc8+
Rxc8 21. Rd1 Nf8 22. Nh4 g6 23. Kf1 Kf7 24. Rd3 Rb8 25. Rb3 Rb6 26. Rxb6 axb6
27. a4 Ke6 28. Ke2 Kd6 29. b4 c5 30. c3 c4 31. Nf3 Kc6 32. Ke3 Ne6 33. g3 Nf8
34. Nh4 h5 35. f4 Kd6 36. fxe5+ fxe5 37. Nf3 Ne6 38. Nd2 Ng5 39. Nxc4+ Ke6 40.
h4 Nf7 41. Nxb6 Kd6 42. c4 Kc6 43. c5 Nd8 44. Nc4 Nf7 45. Kd3 Kb7 46. b5 Kc7
47. a5 Kb7 48. a6+ Ka7 49. Kc3 Kb8 50. b6 Kc8 51. c6 Nd8 52. Nd6+ Kb8 53. c7+
Ka8 54. cxd8=Q# 1-0

[Event "DVM u16 2005"]
[Site "Berlin"]
[Date "2005.12.27"]
[Round "2.4"]
[White "Krepper, Christian"]
[Black "Strathoff, Jens"]
[Result "0-1"]
[WhiteElo "1234"]
[BlackElo "1838"]
[PlyCount "52"]
[EventDate "2000.??.??"]

1. e4 e5 2. Nf3 Nc6 3. Bc4 Bc5 4. O-O Nf6 5. d3 d6 6. h3 Be6 7. Bb3 Qd7 8. Be3
Bb6 9. Nbd2 h6 10. Re1 O-O-O 11. c3 g5 12. Nh2 Bxe3 13. Rxe3 h5 14. Bxe6 fxe6
15. Nc4 g4 16. h4 Rdf8 17. d4 exd4 18. cxd4 d5 19. exd5 Nxd5 20. Ne5 Nxe3 21.
Nxd7 Nxd1 22. Nxf8 Rxf8 23. Rxd1 Rd8 24. f3 Nxd4 25. Kf2 g3+ 26. Kxg3 Nf5+ 0-1

[Event "DVM u16 2005"]
[Site "Berlin"]
[Date "2005.12.27"]
[Round "2.1"]
[White "Koch, Friedrich"]
[Black "Eibl, Maximilian"]
[Result "1-0"]
[WhiteElo "1707"]
[BlackElo "1849"]
[PlyCount "95"]
[EventDate "2000.??.??"]

1. e4 c5 2. Nf3 d6 3. d4 cxd4 4. Nxd4 Nf6 5. Nc3 a6 6. Be2 b5 7. a3 Bb7 8. f3
e6 9. Be3 Be7 10. Qd2 Nbd7 11. O-O-O O-O 12. g4 Ne5 13. g5 Nfd7 14. f4 Nc4 15.
Bxc4 bxc4 16. f5 Nc5 17. Qg2 Re8 18. h4 Qb6 19. fxe6 Nxe6 20. Nf5 Qc7 21. h5
Nf8 22. Bd4 Ne6 23. g6 fxg6 24. hxg6 h6 25. Bxg7 Bg5+ 26. Kb1 Nxg7 27. Nxh6+
Bxh6 28. Rxh6 Ne6 29. Rdh1 Qg7 30. Rh7 Qe5 31. Rxb7 Rab8 32. Rxb8 Rxb8 33. Qh3
Ng5 34. Qe3 d5 35. Qa7 dxe4 36. Rh7 Rf8 37. Re7 Qf6 38. Nxe4 Nxe4 39. Rxe4 Qxg6
40. Rxc4 Rf1+ 41. Ka2 Qe6 42. Qb8+ Kf7 43. Qc7+ Ke8 44. Qc6+ Qd7 45. Re4+ Kd8
46. Qa8+ Kc7 47. Qa7+ Kc6 48. Rc4+ 1-0

[Event "DVM u16 2005"]
[Site "Berlin"]
[Date "2005.12.27"]
[Round "2.2"]
[White "Fuhrmann, Max"]
[Black "Nötzel, Felix"]
[Result "1-0"]
[WhiteElo "1867"]
[BlackElo "1743"]
[PlyCount "99"]
[EventDate "2000.??.??"]

1. e4 d5 2. exd5 Qxd5 3. Nc3 Qa5 4. d4 c6 5. Bc4 Bf5 6. Nge2 e6 7. O-O Bd6 8.
Ng3 Bg6 9. Nce4 Qc7 10. Nxd6+ Qxd6 11. Re1 Nd7 12. Ne4 Bxe4 13. Rxe4 Ngf6 14.
Re1 Nb6 15. Bb3 O-O-O 16. c3 Rdg8 17. Qf3 Nbd5 18. c4 Ne7 19. Be3 Nf5 20. Rad1
g5 21. d5 g4 22. Qe2 Nxe3 23. Qxe3 exd5 24. cxd5 c5 25. Qe7 Qxe7 26. Rxe7 Rg7
27. d6 Rf8 28. Rc7+ Kb8 29. Rxc5 Re8 30. Rf5 Nd7 31. Rxf7 Rxf7 32. Bxf7 Rd8 33.
Be6 Nf6 34. f3 gxf3 35. gxf3 b6 36. Kf2 Kb7 37. Kg3 Kc6 38. d7 Nxd7 39. Rxd7
Rxd7 40. Bxd7+ Kxd7 41. Kg4 Ke6 42. f4 Kf6 43. f5 b5 44. b4 a6 45. Kf4 h6 46.
h3 Kf7 47. Ke5 h5 48. h4 Ke7 49. f6+ Kf7 50. Kf5 1-0

[Event "DVM u16 2005"]
[Site "Berlin"]
[Date "2005.12.27"]
[Round "2.3"]
[White "Melzer, Alexander"]
[Black "Bräutigam, Markus"]
[Result "1-0"]
[WhiteElo "1551"]
[BlackElo "1683"]
[PlyCount "101"]
[EventDate "2000.??.??"]

1. Nf3 Nf6 2. g3 d5 3. Bg2 Bg4 4. O-O e6 5. d3 Bd6 6. c4 O-O 7. Nc3 c6 8. Rb1
Nbd7 9. b4 Bc7 10. a4 Re8 11. b5 Bb6 12. bxc6 bxc6 13. cxd5 cxd5 14. Nb5 Nc5
15. Ne5 Rc8 16. Bg5 Bf5 17. Rc1 Nb7 18. Nc6 Qd7 19. Nbxa7 Rc7 20. Ne5 Rxc1 21.
Qxc1 Qxa4 22. Nac6 h6 23. Bxf6 gxf6 24. Nd7 Bd8 25. e4 dxe4 26. dxe4 Bg6 27.
Nxd8 Qxd7 28. Nxb7 Qxb7 29. Qxh6 Bxe4 30. Bxe4 Qxe4 31. Qxf6 Ra8 {(=)} 32. h4
Qg4 33. Kh2 Qe2 34. Rc1 Qe4 35. h5 Qg4 36. h6 Qh5+ 37. Kg1 Qg6 38. Qf4 Kh7 39.
Kg2 Rf8 40. Rh1 Rg8 41. Rh4 Rf8 42. Rg4 Qh5 43. Rg7+ Kh8 44. Qf6 Qd5+ 45. Qf3
Qxf3+ 46. Kxf3 f6 47. Kg4 Rg8 48. Rxg8+ Kxg8 49. Kh5 Kh7 50. g4 e5 51. f3 1-0

[Event "DVM u16 2005"]
[Site "Berlin"]
[Date "2005.12.27"]
[Round "2.4"]
[White "Pokorny, Fabian"]
[Black "Müller, Anna-Louise"]
[Result "0-1"]
[WhiteElo "1442"]
[BlackElo "1455"]
[PlyCount "56"]
[EventDate "2000.??.??"]

1. e4 c5 2. Nf3 d6 3. d4 cxd4 4. Nxd4 Nf6 5. Nc3 g6 6. Be3 Bg7 7. Bc4 O-O 8.
Bb3 Nc6 9. f3 Bd7 10. Qd2 Rc8 11. O-O-O Ne5 12. Bh6 Nc4 13. Bxc4 Rxc4 14. Bxg7
Kxg7 15. h4 b5 16. Nd5 Ra4 17. Kb1 Nxd5 18. exd5 Qb6 19. Qc3 Kg8 20. Ne2 Rc8
21. Qb3 Bf5 22. Nc3 Rac4 23. Rd2 a5 24. a3 a4 25. Qa2 Qa5 26. Rc1 b4 27. axb4
Qxb4 28. Re2 Rxc3 0-1

[Event "DVM u16 2005"]
[Site "Berlin"]
[Date "2005.12.27"]
[Round "2.1"]
[White "Baisakow, Alexander"]
[Black "Gebhardt, Martin"]
[Result "1-0"]
[WhiteElo "1926"]
[BlackElo "1746"]
[PlyCount "63"]
[EventDate "2000.??.??"]

1. d4 e6 2. c4 Nf6 3. Nf3 b6 4. Qc2 Bb7 5. Nc3 Bb4 6. Bd2 O-O 7. e3 d5 8. cxd5
exd5 9. Bd3 c5 10. O-O Nbd7 11. Ne5 Nxe5 12. dxe5 Ne4 13. Rad1 Bxc3 14. Bxc3
Qe7 15. Bxe4 dxe4 16. Rd6 Ba6 17. Re1 Bd3 18. Qd1 Rfd8 19. Qg4 g6 20. Qf4 b5
21. b3 a5 22. Rf6 a4 23. h4 axb3 24. axb3 b4 25. Ba1 Ra2 26. e6 fxe6 27. Qg5
Ra7 28. h5 Rd5 29. Be5 Qc7 30. hxg6 Qxe5 31. gxh7+ Kxh7 32. Rh6# 1-0

[Event "DVM u16 2005"]
[Site "Berlin"]
[Date "2005.12.27"]
[Round "2.2"]
[White "Nißler, Daniel"]
[Black "van Akkeren, Arno"]
[Result "1/2-1/2"]
[WhiteElo "1771"]
[BlackElo "1811"]
[PlyCount "158"]
[EventDate "2000.??.??"]

1. e4 e5 2. Nf3 Nc6 3. Bb5 d6 4. h3 Bd7 5. O-O Be7 6. c3 Nf6 7. Re1 O-O 8. d4
exd4 9. cxd4 d5 10. e5 Ne4 11. Nc3 Nxc3 12. bxc3 Nxe5 13. Bxd7 Nxf3+ 14. Qxf3
Qxd7 15. Bf4 Rfe8 16. Qg3 c6 17. Re3 Bf6 18. Rf3 Re6 19. Qh2 Rae8 20. g4 Re1+
21. Rxe1 Rxe1+ 22. Kg2 Be7 23. Bd2 Bd6 24. Bf4 Re6 25. Qg3 g5 26. Be5 f6 27.
Bxd6 Qxd6 28. Qxd6 Rxd6 29. Rd3 Kf7 30. f3 Re6 31. Kf2 Ke7 32. Rd1 Kd6 33. h4
c5 34. hxg5 fxg5 35. Rh1 cxd4 36. cxd4 h6 37. Rc1 Kd7 38. Rc5 Rd6 39. Ra5 a6
40. Rc5 b6 41. Rc2 Rc6 42. Rb2 Kc7 43. Re2 Kd6 44. Re8 Rc2+ 45. Kg3 Rxa2 46.
Rh8 b5 47. Rxh6+ Ke7 48. Rg6 b4 49. Rxg5 b3 $2 (49... Ra5 $1 50. Rg7+ Kf6 51.
Rb7 Rb5) 50. Rg7+ Kf8 51. Rb7 b2 52. Kf4 a5 53. g5 a4 54. Rb8+ Kg7 55. Rb7+ Kf8
56. Rb8+ Kg7 57. Kf5 Ra3 58. Rb7+ Kf8 59. Rxb2 Rxf3+ 60. Ke6 a3 61. Ra2 Kg7 62.
Kxd5 Kg6 63. Kc6 Rc3+ 64. Kd6 Kxg5 65. d5 Kf6 66. Rf2+ Kg7 67. Kd7 Rb3 68. Ra2
Kf7 69. d6 Re3 70. Rf2+ Kg7 71. Kc7 Rc3+ 72. Kd8 Rb3 73. Ra2 Kf7 74. d7 Rc3 75.
Rf2+ Kg7 76. Rg2+ Kf7 77. Rh2 Rb3 78. Rf2+ Kg7 79. Ra2 Kf7 1/2-1/2

[Event "DVM u16 2005"]
[Site "Berlin"]
[Date "2005.12.27"]
[Round "2.3"]
[White "Sanning, Nico"]
[Black "Nißler, Robert"]
[Result "0-1"]
[WhiteElo "1609"]
[BlackElo "1401"]
[PlyCount "87"]
[EventDate "2000.??.??"]

1. e4 c5 2. b4 cxb4 3. d4 d6 4. a3 Nf6 5. Bd3 Nc6 6. Ne2 e6 7. O-O Be7 8. Bd2
Qb6 9. Be3 Ng4 10. Nf4 Nxe3 11. fxe3 Nxd4 12. Nh5 g6 13. Ng7+ Kf8 14. Kh1 Kxg7
15. exd4 Qxd4 16. Nd2 bxa3 17. Rxa3 d5 18. Rb3 dxe4 19. Bxe4 Rb8 20. Rbf3 Rf8
21. c3 Qc5 22. Nb3 Qc7 23. Qd4+ Kg8 24. Qe3 b6 25. Qh6 f5 26. Nd4 Bd7 27. Rh3
Rf7 28. Bc2 Rg7 29. Bb3 Qe5 30. Re3 Qc7 31. Bxe6+ Kh8 32. Rfe1 Re8 33. Bxd7
Qxd7 34. Ne6 Rf7 35. Ng5 Rg7 36. Ne6 Rgg8 37. Rh3 Bf6 38. Rhe3 Bxc3 39. Rxc3
Rxe6 40. Rec1 Rge8 41. Qh4 Qd2 42. Rc8 Qd7 43. R1c7 Qxc7 44. Qd4+ 0-1

[Event "DVM u16 2005"]
[Site "Berlin"]
[Date "2005.12.27"]
[Round "2.4"]
[White "Senf, Carsten"]
[Black "Bor, Tobias"]
[Result "1-0"]
[WhiteElo "1531"]
[BlackElo "1582"]
[PlyCount "129"]
[EventDate "2000.??.??"]

1. e4 e6 2. d4 d5 3. Nc3 Nf6 4. Bg5 dxe4 5. Nxe4 Be7 6. Ng3 Nbd7 7. Nf3 b6 8.
Bd3 Bb7 9. c3 h6 10. Bd2 c5 11. O-O O-O 12. Re1 Rc8 13. Qe2 Bd6 14. Ba6 Bxa6
15. Qxa6 Qc7 16. Rac1 Nb8 17. Qd3 Rfd8 18. Qe2 Nc6 19. Ne4 Nxe4 20. Qxe4 Be7
21. Be3 cxd4 22. Nxd4 Bf6 23. Nxc6 Qxc6 24. Qxc6 Rxc6 25. Bf4 Rc5 26. Rcd1 Rcd5
27. Rxd5 Rxd5 28. Kf1 Kf8 29. Ke2 Rb5 30. Bd6+ Ke8 31. Ba3 Be7 32. b4 a5 33.
Rb1 Re5+ 34. Kf3 Rf5+ 35. Ke3 Bg5+ 36. Ke2 Bf6 37. Rc1 Re5+ 38. Kf3 Rd5 39. Ke2
Bg5 40. Rc2 Kd7 41. bxa5 bxa5 42. Bc1 Kc6 43. Bxg5 Rxg5 44. g3 {(=)} Rd5 45.
Rd2 Rxd2+ 46. Kxd2 Kc5 47. Kd3 f6 48. f3 g6 49. a3 a4 50. c4 f5 51. f4 h5 52.
h4 Kc6 53. Kd4 Kd6 54. c5+ Kc6 55. Kc4 Kc7 56. Kb5 Kb7 57. Kxa4 Kc6 58. Kb4 Kd5
59. a4 e5 60. fxe5 g5 61. hxg5 Kxe5 62. g6 Kf6 63. c6 f4 64. gxf4 h4 65. c7 1-0

[Event "DVM u16 2005"]
[Site "Berlin"]
[Date "2005.12.27"]
[Round "2.1"]
[White "Gadschisade, Machmud"]
[Black "Günnigmann, Manuel"]
[Result "1/2-1/2"]
[WhiteElo "1856"]
[BlackElo "1824"]
[PlyCount "81"]
[EventDate "2000.??.??"]

1. c4 e5 2. Nc3 Nc6 3. g3 g6 4. Bg2 Bg7 5. e3 d6 6. Nge2 Nh6 7. d4 O-O 8. O-O
exd4 9. exd4 Nf5 10. Be3 Re8 11. Qd2 Nce7 12. Bg5 h6 13. Be3 c6 14. Rac1 Be6
15. d5 Nxe3 16. fxe3 cxd5 17. cxd5 Bd7 18. e4 Qb6+ 19. Kh1 Rac8 20. Nf4 Rc7 21.
Nd3 Nc8 22. Qf4 Re7 23. Rfe1 Bb5 24. Nxb5 Qxb5 25. Qd2 Rxc1 26. Rxc1 Nb6 27. b3
Kh7 28. Bf1 Qe8 29. Nf2 Nd7 30. Bb5 Qd8 31. Qf4 Ne5 32. Ng4 Nxg4 33. Qxg4 Rc7
34. Rf1 Qe7 35. Bc4 Be5 36. h4 h5 37. Qf3 Qd7 38. Kg2 Kg7 39. Qe2 Qe7 40. Qe3
Rc5 41. Qe2 1/2-1/2

[Event "DVM u16 2005"]
[Site "Berlin"]
[Date "2005.12.27"]
[Round "2.2"]
[White "Seemann, Semjon"]
[Black "Liwerant, Igor"]
[Result "1-0"]
[WhiteElo "1844"]
[BlackElo "1466"]
[PlyCount "69"]
[EventDate "2000.??.??"]

1. e4 e5 2. Bc4 Nc6 3. Nf3 Bc5 4. O-O d6 5. c3 Bg4 6. d3 Nge7 7. Bxf7+ Kxf7 8.
Ng5+ Ke8 9. Qxg4 h5 10. Qe2 Qd7 11. Be3 Bb6 12. Nd2 Ng6 13. Nc4 Qe7 14. Nh3 Kd7
15. Nxb6+ axb6 16. f4 exf4 17. Bxf4 Nxf4 18. Nxf4 Qg5 19. d4 h4 20. a3 h3 21.
g3 Rae8 22. Qd3 Qg4 23. Rae1 Kc8 24. b4 g5 25. Nd5 Ref8 26. c4 Nd8 27. c5 bxc5
28. bxc5 Rxf1+ 29. Rxf1 dxc5 30. dxc5 Ne6 31. c6 Nc5 32. Qd4 Re8 33. Qxc5 Qxe4
34. cxb7+ Kd7 35. Nf6+ 1-0

[Event "DVM u16 2005"]
[Site "Berlin"]
[Date "2005.12.27"]
[Round "2.3"]
[White "Krause, Fabian"]
[Black "Catrais, Michael"]
[Result "0-1"]
[WhiteElo "1497"]
[BlackElo "1635"]
[PlyCount "72"]
[EventDate "2000.??.??"]

1. d4 Nf6 2. Nf3 d6 3. b3 Nbd7 4. e3 g6 5. Nbd2 Bg7 6. Bb2 O-O 7. g3 Re8 8. Bg2
e5 9. dxe5 Nxe5 10. O-O Nfd7 11. Rb1 c6 12. Re1 Qc7 13. Qe2 Nc5 14. a4 Be6 15.
Nxe5 dxe5 16. Nc4 Rad8 17. Rbd1 b5 18. axb5 cxb5 19. Na3 a6 20. Rxd8 Rxd8 21.
Rd1 Rc8 22. b4 {=} Na4 23. Ba1 Qe7 24. Qd2 Bg4 25. f3 Be6 26. Qd6 Qa7 27. Kf2
Nc3 28. Rd3 e4 29. fxe4 Nxe4+ 30. Bxe4 Bxa1 31. Rd1 Rc3 32. Rd3 Qc7 33. Qxa6
Qe5 34. Qxb5 Qxe4 35. Qe8+ Kg7 36. Qb5 Bg4 0-1

[Event "DVM u16 2005"]
[Site "Berlin"]
[Date "2005.12.27"]
[Round "2.4"]
[White "Günnigmann, Laura"]
[Black "Akhundow, Sattar"]
[Result "1-0"]
[WhiteElo "1490"]
[BlackElo "1455"]
[PlyCount "113"]
[EventDate "2000.??.??"]

1. e4 e5 2. Nf3 Nc6 3. Bb5 a6 4. Ba4 Nf6 5. O-O b5 6. Bb3 Bc5 7. Re1 O-O 8. c3
Re8 9. d4 exd4 10. e5 Ng4 11. cxd4 Bb4 12. Nc3 d5 13. Bxd5 Bxc3 14. Bxc6 Bxe1
15. Qxe1 Bf5 16. Bxe8 Qxe8 17. h3 Nh6 18. Bxh6 gxh6 19. Qd2 Qe6 20. a3 Rd8 21.
Qe3 Kh8 22. Nh4 Kg7 23. Qg3+ Bg6 24. f4 Rxd4 25. f5 Qb6 26. Kh1 Rxh4 27. f6+
Kf8 28. Qxh4 h5 29. Rd1 Ke8 30. Qb4 c5 31. Qd2 Qc7 32. Qd5 Bf5 33. Qd6 Qxd6 34.
Rxd6 Bc8 35. Rc6 Kd7 36. Rxc5 Bb7 37. Kg1 Be4 38. h4 Ke6 39. Kf2 Bd5 40. Rc7
Kxe5 41. Ra7 Kxf6 42. Rxa6+ Kg7 43. a4 bxa4 44. Rxa4 Kf6 45. Ra6+ Be6 46. Kf3
Ke7 47. Rxe6+ Kxe6 48. Kf4 h6 49. b3 Kd5 50. Kf5 Kd4 51. Kf6 Kc3 52. Kxf7 Kxb3
53. Kg6 Kc3 54. Kxh6 Kd4 55. Kxh5 Ke5 56. Kg6 Kf4 57. h5 1-0

[Event "DVM u16 2005"]
[Site "Berlin"]
[Date "2005.12.27"]
[Round "2.1"]
[White "Katte, Nicolas"]
[Black "Berwanger, Tobias"]
[Result "1-0"]
[WhiteElo "1769"]
[BlackElo "1594"]
[PlyCount "46"]
[EventDate "2000.??.??"]

1. d4 d5 2. Nf3 Nf6 3. Bf4 e6 4. e3 Nc6 5. Bd3 Bd6 6. Ne5 Bxe5 7. dxe5 Nd7 8.
Qg4 g5 9. Bxg5 Rg8 10. f4 h6 11. Bxd8 Rxg4 12. Bxc7 Rxg2 13. Nc3 Nc5 14. O-O-O
Nxd3+ 15. cxd3 d4 16. Ne4 dxe3 17. Rdg1 Rg6 18. Rg3 e2 19. Kd2 Bd7 20. Rhg1 Nd4
21. Nf6+ Ke7 22. Bd6+ Kd8 23. Rxg6 fxg6 1-0

[Event "DVM u16 2005"]
[Site "Berlin"]
[Date "2005.12.27"]
[Round "2.2"]
[White "Straßer, Manuel"]
[Black "Künitz, Michael"]
[Result "0-1"]
[WhiteElo "1485"]
[BlackElo "1699"]
[PlyCount "120"]
[EventDate "2000.??.??"]

1. c4 Nf6 2. Nc3 c6 3. g3 d5 4. cxd5 cxd5 5. Bg2 e6 6. d4 Bb4 7. Bd2 Nc6 8. Nf3
O-O 9. O-O Bd6 10. Nb5 Be7 11. Nc3 Qb6 12. Na4 Qc7 13. Rc1 Bd6 14. Nc3 Qe7 15.
a3 h6 16. Nb5 Bb8 17. e3 a6 18. Nc3 Bc7 19. Qc2 Bd7 20. Na4 Ne4 21. Rfd1 Rac8
22. Nc3 Nxd2 23. Rxd2 Na5 24. Qd1 Bd6 25. Ne5 Bxe5 26. dxe5 Nc4 27. Rdc2 Nxe5
28. Qd4 Ng6 29. Qb6 Bc6 30. Ne2 Qc7 31. Qb3 Qd7 32. Qb4 Ne5 33. Qd4 Nc4 34. Qd3
Bb5 35. Qd4 Ba4 36. Rc3 Bb5 37. R3c2 Nd6 38. Rxc8 Rxc8 39. Rxc8+ Qxc8 40. Nc3
Nc4 41. Nxb5 axb5 42. Bh3 b6 43. Qxd5 exd5 44. Bxc8 Nxb2 45. Bd7 Nc4 46. Bxb5
Nxa3 47. Bc6 b5 48. Bxd5 b4 49. Kf1 Nb1 50. Ke1 Kf8 51. Ba2 Nc3 52. Bb3 Ne4 53.
Bd5 f5 54. f4 Ke7 55. Ke2 Nc3+ 56. Kd3 Nxd5 57. Kc4 Nxe3+ 58. Kxb4 Nf1 59. Kc4
Nxh2 60. Kd5 Nf1 0-1

[Event "DVM u16 2005"]
[Site "Berlin"]
[Date "2005.12.27"]
[Round "2.3"]
[White "Welke, Vincent"]
[Black "Krmpotic, Manuel"]
[Result "1-0"]
[WhiteElo "1437"]
[BlackElo "1476"]
[PlyCount "31"]
[EventDate "2000.??.??"]

1. e4 e6 2. d4 d5 3. Nc3 Bb4 4. e5 c5 5. a3 Bxc3+ 6. bxc3 Ne7 7. Nf3 Nbc6 8.
Bd3 b6 9. O-O Bb7 10. a4 O-O 11. Bxh7+ Kh8 12. Ng5 g6 13. Qf3 Nf5 14. Bxg6 Kg7
15. Bxf5 exf5 16. Qxf5 1-0

[Event "DVM u16 2005"]
[Site "Berlin"]
[Date "2005.12.28"]
[Round "3.1"]
[White "Shmirina, Evgenija"]
[Black "Schneider, David"]
[Result "1/2-1/2"]
[WhiteElo "2078"]
[BlackElo "2192"]
[PlyCount "41"]
[EventDate "1905.??.??"]

1. e4 c5 2. Nf3 e6 3. d4 cxd4 4. Nxd4 a6 5. Nc3 b5 6. Bd3 Qb6 7. Nb3 Qc7 8. O-O
Bb7 9. a3 Nf6 10. Qe2 d6 11. f4 Nbd7 12. Bd2 Be7 13. Rae1 e5 14. Kh1 O-O 15. a4
b4 16. Na2 a5 17. c3 Qc6 18. Bb5 Qc7 19. Bd3 Qc6 20. Bb5 Qc7 21. Bd3 {(=)}
1/2-1/2

[Event "DVM u16 2005"]
[Site "Berlin"]
[Date "2005.12.28"]
[Round "3.2"]
[White "Seyb, Alexander"]
[Black "Graf, Felix"]
[Result "1/2-1/2"]
[WhiteElo "2068"]
[BlackElo "2069"]
[PlyCount "120"]
[EventDate "1905.??.??"]

1. e4 c5 2. Nf3 e6 3. d4 cxd4 4. Nxd4 Nc6 5. Nc3 Qc7 6. Be3 a6 7. Qd2 b5 8.
O-O-O Nxd4 9. Bxd4 Ne7 10. Qe3 Ng6 11. Nd5 Qc6 12. f4 e5 13. fxe5 Bb7 14. Bd3
Rc8 15. Qg3 Bc5 16. Bxc5 Qxc5 17. h4 h5 18. Rhf1 O-O {(=)} 19. Rf5 Bxd5 20.
exd5 Qxd5 21. e6 Qxe6 22. Rxh5 Rfe8 23. Kb1 Qe3 24. Qg4 Ne5 25. Bh7+ Kf8 26.
Qe4 Nc4 27. Qd5 Qe6 28. Be4 Qxd5 29. Bxd5 Ne3 30. Rh8+ Ke7 31. Rxe8+ Rxe8 32.
Re1 Kf6 33. Bb7 a5 34. a3 Re5 35. Kc1 Nf5 36. Rh1 Re2 37. b3 Nd4 38. Rf1+ Ke6
39. Kd1 Rxc2 40. Rf4 Rc7 41. Re4+ Kf6 42. Bd5 Ne6 43. b4 Rc3 44. Bxe6 dxe6 45.
a4 Kf5 46. Rd4 e5 47. Rd5 bxa4 48. bxa5 Rc6 49. Rb5 Ra6 50. Kc2 f6 51. Kb2 Kg4
52. Ka3 Kxh4 53. Kxa4 Kg3 54. Rb7 Kxg2 55. Rxg7+ Kf3 56. Kb5 Re6 57. a6 f5 58.
a7 Re8 59. Re7 Ra8 60. Rxe5 Rxa7 1/2-1/2

[Event "DVM u16 2005"]
[Site "Berlin"]
[Date "2005.12.28"]
[Round "3.3"]
[White "Winkelmann, Elena"]
[Black "Linsenmeyer, Mario"]
[Result "1-0"]
[WhiteElo "2000"]
[BlackElo "1930"]
[PlyCount "61"]
[EventDate "1905.??.??"]

1. d4 Nf6 2. c4 e6 3. Nf3 b6 4. a3 Bb7 5. Nc3 d5 6. cxd5 Nxd5 7. Qc2 Nxc3 8.
bxc3 Be7 9. Bf4 c5 10. e3 Nd7 11. Bd3 Nf6 12. Bb5+ Kf8 13. O-O cxd4 14. cxd4
Rc8 15. Qb2 Nd5 16. Bg3 Bd6 17. Rfc1 Bxg3 18. hxg3 f6 19. e4 Ne7 20. d5 exd5
21. e5 Ng6 22. Nd4 Qe7 23. e6 Ne5 24. Rxc8+ Bxc8 25. Rc1 Bxe6 26. Rc7 Qd6 27.
Nxe6+ Qxe6 28. Qb4+ Kg8 29. Re7 Qg4 30. Qxg4 Nxg4 31. Re8+ 1-0

[Event "DVM u16 2005"]
[Site "Berlin"]
[Date "2005.12.28"]
[Round "3.4"]
[White "Kirch, Daniel"]
[Black "Rudolf, Sebastian"]
[Result "0-1"]
[WhiteElo "1864"]
[BlackElo "1901"]
[PlyCount "108"]
[EventDate "1905.??.??"]

1. d4 Nf6 2. Nf3 c5 3. d5 e6 4. Nc3 d6 5. e4 Be7 6. Be2 O-O 7. O-O Na6 8. Nd2
Nc7 9. Bf3 Rb8 10. a4 b6 11. Nc4 a6 12. Bf4 e5 13. Bd2 Bd7 14. h3 Qc8 15. Ne3
b5 16. axb5 axb5 17. Ne2 h5 18. Ng3 g6 19. Qc1 Qb7 20. Nef5 gxf5 21. Bh6 f4 22.
Bxf8 Rxf8 23. Nxh5 Nxh5 24. Bxh5 Kh7 25. Kh2 f5 26. exf5 Bxf5 27. Bf3 e4 28.
Re1 Bf6 29. Bxe4 Bxe4 30. Rxe4 Qxd5 31. Qe1 Be5 32. Ra7 Rf7 33. f3 Qe6 34. Qh4+
Kg6 35. Qd8 Ne8 36. Rxf7 Qxf7 37. c3 Nf6 38. Re1 Qa2 39. Re2 Qc4 40. Rd2 b4 41.
cxb4 Qxb4 42. Re2 Qb5 43. Rd2 Qf1 44. Qa5 Bd4 45. Rxd4 cxd4 46. h4 d5 47. Qc7
d3 48. Qxf4 Qe1 49. Qg5+ Kf7 50. h5 d2 51. Qg6+ Ke6 52. Qc2 d1=Q 53. Qc6+ Kf7
54. Qc7+ Qe7 0-1